00402cam a2200157ua 45000010005000000080039000050400009000440820013000531000035000662450037001012500009001382600049001473000016001966530019002126530013002313592111121n ii |||gr||||Z||||||asm cMAIN a891.4513 aGoswami, Kali Prasad,eAuthor.11aTuhn juecby Kali Prasad Goswami a1st. aKolkata:bSree bhumi Publishinh company,961. a71p:c23cm. aAssamese novel aTuhn jue